| 000 | 00616nam a22001697a 4500 | ||
|---|---|---|---|
| 003 | OSt | ||
| 005 | 20260409112535.0 | ||
| 008 | 260409b |||||||| |||| 00| 0 eng d | ||
| 040 | _cMRSPTU | ||
| 041 | _aEnglish | ||
| 100 | _aK.S.R. Paul Sundar, Supervisor: Dr. Kawaljit Singh Sandhu | ||
| 245 | _aPhysicochemical and Antioxidant Properties of Novel Variety of Rice (Boka Chaul): Formulation of Rice Balls | ||
| 260 |
_bDepartment of Food Science & Technology, MRSPTU, Bathinda _c2023 |
||
| 650 | _aFood Science & Technology | ||
| 856 | _uhttp://163.47.215.52:8080/jspui/handle/123456789/909 | ||
| 942 |
_2ddc _cTH _n0 |
||
| 999 |
_c11430 _d11430 |
||